<?xml version="1.0" encoding="UTF-8"?><?xml-stylesheet type="text/xsl" href="static/style.xsl"?><OAI-PMH xmlns="http://www.openarchives.org/OAI/2.0/" xmlns:xsi="http://www.w3.org/2001/XMLSchema-instance" xsi:schemaLocation="http://www.openarchives.org/OAI/2.0/ http://www.openarchives.org/OAI/2.0/OAI-PMH.xsd"><responseDate>2026-06-01T20:48:07Z</responseDate><request verb="GetRecord" identifier="oai:riuma.uma.es:10630/5632" metadataPrefix="marc">https://riuma.uma.es/rest/oai/request</request><GetRecord><record><header><identifier>oai:riuma.uma.es:10630/5632</identifier><datestamp>2026-02-03T11:17:11Z</datestamp><setSpec>com_10630_2254</setSpec><setSpec>col_10630_37953</setSpec></header><metadata><record xmlns="http://www.loc.gov/MARC21/slim" xmlns:dcterms="http://purl.org/dc/terms/" xmlns:doc="http://www.lyncode.com/xoai" xmlns:xsi="http://www.w3.org/2001/XMLSchema-instance" xsi:schemaLocation="http://www.loc.gov/MARC21/slim http://www.loc.gov/standards/marcxml/schema/MARC21slim.xsd">
   <leader>00925njm 22002777a 4500</leader>
   <datafield ind2=" " ind1=" " tag="042">
      <subfield code="a">dc</subfield>
   </datafield>
   <datafield ind2=" " ind1=" " tag="720">
      <subfield code="a">Moya-García, Mª Victoria</subfield>
      <subfield code="e">author</subfield>
   </datafield>
   <datafield ind2=" " ind1=" " tag="720">
      <subfield code="a">De-Cózar-Macías, Óscar</subfield>
      <subfield code="e">author</subfield>
   </datafield>
   <datafield ind2=" " ind1=" " tag="720">
      <subfield code="a">Fernández-Gutiérrez, Alberto</subfield>
      <subfield code="e">author</subfield>
   </datafield>
   <datafield ind2=" " ind1=" " tag="720">
      <subfield code="a">Guerra-Fernández, Antonio Jesús</subfield>
      <subfield code="e">author</subfield>
   </datafield>
   <datafield ind2=" " ind1=" " tag="720">
      <subfield code="a">Molina-Maldonado, Rafael</subfield>
      <subfield code="e">author</subfield>
   </datafield>
   <datafield ind2=" " ind1=" " tag="720">
      <subfield code="a">Miranda-García, Antonio</subfield>
      <subfield code="e">author</subfield>
   </datafield>
   <datafield ind2=" " ind1=" " tag="720">
      <subfield code="a">De-las-Peñas-Cabrera, Inmaculada</subfield>
      <subfield code="e">author</subfield>
   </datafield>
   <datafield ind2=" " ind1=" " tag="720">
      <subfield code="a">Rodríguez-Gómez, Alejandro</subfield>
      <subfield code="e">author</subfield>
   </datafield>
   <datafield ind2=" " ind1=" " tag="260">
      <subfield code="c">2013</subfield>
   </datafield>
   <datafield ind2=" " ind1=" " tag="520">
      <subfield code="a">Para los nuevos grados en Ingeniería basados en el EEES se hace recomendable contar con&#xd;
un sistema que facilite la coordinación del conjunto de todas las actividades de&#xd;
enseñanza/aprendizaje. Para acometer estas tareas de forma eficiente se ha diseñado y&#xd;
desarrollado un modelo de coordinación con dos ejes en la Escuela Politécnica Superior de la&#xd;
Universidad de Málaga. El eje horizontal pretende coordinar, una vez se recopile toda la&#xd;
información necesaria, la carga de trabajo del estudiante de las asignaturas de cada&#xd;
semestre, mientras que el eje vertical intenta verificar la secuenciación adecuada de&#xd;
contenidos y el cumplimiento de las correspondientes competencias asignadas a las&#xd;
materias que conforman el plan de estudios.&#xd;
Además, el sistema implementado facilita la difusión de competencias, contenidos y&#xd;
sistemas de evaluación recogidos en la Memoria de Verificación del Título permitiendo&#xd;
detectar desviaciones y estableciendo las medidas correctoras adecuadas.&#xd;
Este procedimiento se apoya en una base de datos que recoge el plan de estudios y que&#xd;
permite generar formularios para recoger la información necesaria, permitiendo aligerar la&#xd;
carga de todo el proceso y facilitar la toma de decisiones a los participantes y órganos&#xd;
implicados.</subfield>
   </datafield>
   <datafield ind1="8" ind2=" " tag="024">
      <subfield code="a">978-84-608-1217-3</subfield>
   </datafield>
   <datafield ind1="8" ind2=" " tag="024">
      <subfield code="a">http://hdl.handle.net/10630/5632</subfield>
   </datafield>
   <datafield tag="653" ind2=" " ind1=" ">
      <subfield code="a">Ingeniería - Estudio y enseñanza</subfield>
   </datafield>
   <datafield ind2="0" ind1="0" tag="245">
      <subfield code="a">Coordinación docente en enseñanzas adaptadas al EEES. Aplicación a un centro de Ingeniería</subfield>
   </datafield>
</record>
</metadata></record></GetRecord></OAI-PMH>